The cure-Just like heaven lyrics - Statistics

General Stats
  • This quiz has been taken 191 times
  • The average score is 147 of 196
Answer Stats
Hint Answer % Correct
a
98%
on
98%
you
98%
you?"
98%
Outro | Pre-Chorus You
98%
I
97%
me,
97%
me
97%
that
96%
That
96%
The
96%
"The
96%
the
96%
do
95%
scream"
95%
she
95%
how
94%
one
94%
Verse 1 "Show
94%
show
94%
Show
94%
And
93%
and
93%
make
93%
said
93%
like
91%
makes
91%
trick
91%
just
90%
Just
90%
with
90%
away
89%
away?"
89%
run
88%
my
86%
so
86%
I'll
85%
it
85%
her
84%
arms
83%
love
83%
promise
83%
around
81%
neck
81%
heaven
80%
dream
79%
in
78%
lonely
77%
laugh"
75%
Soft
73%
are
70%
I'm
69%
Lost
69%
threw
69%
far
68%
"why
68%
only
65%
to
64%
Strange
62%
Verse 2 Spinning
60%
Chorus You're
60%
dizzy
59%
as
58%
ever
57%
deep
55%
head
54%
different
53%
had
53%
Kissed
53%
kissed
53%
know
53%
ways
53%
of
52%
face
51%
angels
50%
edge
50%
all
49%
deepest
49%
won't
48%
for
44%
oceans
44%
Dancing
43%
girl
42%
sea
40%
Dreamed
39%
alone
38%
Alone
38%
been
38%
days
38%
loved
38%
asleep
37%
eyes
36%
glow
36%
inside
36%
lips
36%
up
35%
drowned
34%
found
34%
water
34%
into
33%
myself
33%
opened
33%
shape
32%
must've
31%
raging
29%
above
28%
Verse 3 Daylight
28%
stole
28%
Twisting
26%
breathe
25%
name
25%
licked
23%
moving
18%
No matching quizzes found
Score Distribution
Percent of People with Each Score
Percentile by Number Answered
Your Score History
You have not taken this quiz